Ho̤lderlin ; (Record no. 6075)

MARC details
000 -LEADER
fixed length control field 00663cam a22002171 4500
001 - CONTROL NUMBER
control field af 48004498
003 - CONTROL NUMBER IDENTIFIER
control field DLC
005 - DATE AND TIME OF LATEST TRANSACTION
control field 20260227110908.0
008 - FIXED-LENGTH DATA ELEMENTS--GENERAL INFORMATION
fixed length control field 751117s1944 gw 000 0 ger c
010 ## - LIBRARY OF CONGRESS CONTROL NUMBER
LC control number af 48004498
035 ## - SYSTEM CONTROL NUMBER
System control number (OCoLC)1839706
040 ## - CATALOGING SOURCE
Original cataloging agency Yale Univ. Library
Transcribing agency ScU
Modifying agency DLC
042 ## - AUTHENTICATION CODE
Authentication code premarc
050 00 - LIBRARY OF CONGRESS CALL NUMBER
Classification number PT2359.H2
Item number M8
100 1# - MAIN ENTRY--PERSONAL NAME
Personal name Mṳller, Ernst,
Dates associated with a name 1889-
245 00 - TITLE STATEMENT
Title Ho̤lderlin ;
Remainder of title Studien zur Geschichte seines Geistes.
260 ## - PUBLICATION, DISTRIBUTION, ETC.
Place of publication, distribution, etc. Stuttgart,
Name of publisher, distributor, etc. W. Kohlhammer
Date of publication, distribution, etc. [1944]
300 ## - PHYSICAL DESCRIPTION
Extent vi,691 p.
Dimensions 20 cm.
504 ## - BIBLIOGRAPHY, ETC. NOTE
Bibliography, etc. note Bibliographical references included in "Anmerkungen" (p.[627)-687)
600 10 - SUBJECT ADDED ENTRY--PERSONAL NAME
Personal name Hölderlin, Friedrich,
Dates associated with a name 1770-1843.

No items available.

Powered by Koha